| 000 | 00420nam a2200169Ia 4500 | ||
|---|---|---|---|
| 008 | 180921t2014 xxu||||| |||| 00| 0 sin d | ||
| 041 | _asin | ||
| 080 |
_a92 _bRAH |
||
| 100 | _aRahubadda, Sumithra | ||
| 245 | _aරයිටි සහෝදරයෝ | ||
| 246 | _aRaiet Sahodarayo | ||
| 260 |
_bSumithra _aNugegoda _c2014 |
||
| 300 | _b18cm | ||
| 942 | _cBK | ||
| 999 |
_c4425 _d4425 |
||
| 003 | LK-CoDNM | ||
| 040 |
_aLK-CoDNM _dLK-CoDNM _eLK-CoDNM |
||